South China sea dispute: Way forward? (Record no. 531618)
[ view plain ]
| 000 -LEADER | |
|---|---|
| fixed length control field | 01068nam a22001337a 4500 |
| 008 - FIXED-LENGTH DATA ELEMENTS--GENERAL INFORMATION | |
| fixed length control field | 250922b ||||| |||| 00| 0 eng d |
| 100 ## - MAIN ENTRY--PERSONAL NAME | |
| Personal name | Singh, Anita |
| 245 ## - TITLE STATEMENT | |
| Title | South China sea dispute: Way forward? |
| 260 ## - PUBLICATION, DISTRIBUTION, ETC. (IMPRINT) | |
| Place of publication, distribution, etc | Indian Institute of Public Administration Digest |
| 300 ## - PHYSICAL DESCRIPTION | |
| Extent | 6(3), Jul-Sep, 2024: p.46-47 |
| 520 ## - SUMMARY, ETC. | |
| Summary, etc | As the name suggests, South China Sea (SCS) is located south of Chinese mainland. It is a huge water body with an area of 3.5 million km². This area is under intense focus due to aggressive and overlapping claims made by China on others territorial waters. The growing interest in SCS is due to the discovery of oil and natural gas below the bed of SCS. It is also the hotbed for fishing industry as 12% of global fish catch comes from SCS. It is believed that there is 11 billion barrels of oil and 190 trillion cubic feet of natural gas is in the SCS. – Reproduced https://www.iipa.org.in/GyanKOSH/posts/south-china-sea-dispute-way-forward |
| 773 ## - HOST ITEM ENTRY | |
| Main entry heading | Indian Institute of Public Administration Digest |
| 942 ## - ADDED ENTRY ELEMENTS (KOHA) | |
| Item type | Articles |
| Withdrawn status | Lost status | Source of classification or shelving scheme | Damaged status | Not for loan | Permanent location | Current location | Date acquired | Serial Enumeration / chronology | Barcode | Date last seen | Koha item type |
|---|---|---|---|---|---|---|---|---|---|---|---|
| Indian Institute of Public Administration | Indian Institute of Public Administration | 2025-09-22 | 6(3), Jul-Sep, 2024: p.46-47 | AR137295 | 2025-09-22 | Articles |
